00646 2200253 4500001002100000005001700021008004100038020001800079035002400097082001200121090001900133100002200152245004100174250001100215260003700226300001900263650002300282650002300305850001500328980001300343985000600356999001500362999001500377YOGYA-0209000000898020090227021146.0 ind  a979-514-064-7 0010-020900000008980 a297.431 a297.431bSal R aSALIM, H. Hadiyah aRumahku mahligaikucH. Hadiyah Salim aCet. 8 aBandungbRemaja Rosdakaryac1995 a159 hlmc18 cm aPerkawinan (Islam) aIslam dan keluarga aYOPDYOG(B) a05-06-01 a2 a95P0076497 a96P0078948